=LDR 00000nam 2200000 4500 =001 000278 =990 ##$$a TBM202500089 =005 20250710124918 =035 ##$$a 0010-0725000118 =007 ta =008 250710################a##########0#ind## =020 ##$$a 978-623-472-228-4 =082 ##$$a 398-209 598 =084 ##$$a 398-209 598 CHA k =100 #$$a Chamoli, Manohar =245 1#$$a Kena Kau, Sekarang /$c Manohar Chamoli =250 ##$$a Cetakan Kedua =260 ##$$a Jakarta Timur :$b Badan Pengembangan dan Pembinaan Bahasa,$c 2024 =300 ##$$a 28 hlm. : $b ilus. ; $c 22,9 cm =650 #4$$a Cerita Anak Indonesia-Terjemahan =650 #4$$a Literasi-Bahan Bacaan =856 ##$$a TBM As Suhada